|
|
|
|
| LEADER |
00000nam0a2200000 4500 |
| 001 |
211807 |
| 005 |
20231101225716.0 |
| 010 |
|
|
|a 9785941783229
|
| 035 |
|
|
|a (RuTPU)RU\TPU\book\231400
|
| 090 |
|
|
|a 211807
|
| 100 |
|
|
|a 20120320d2012 m y0rusy50 ca
|
| 101 |
0 |
|
|a rus
|
| 102 |
|
|
|a RU
|
| 105 |
|
|
|a a j 001zy
|
| 200 |
1 |
|
|a Нормирование точности в машиностроении
|e учебное пособие для вузов
|f С. Г. Емельянов [и др.]
|
| 210 |
|
|
|a Старый Оскол
|c ТНТ
|d 2012
|
| 215 |
|
|
|a 440 с.
|c ил.
|
| 320 |
|
|
|a Библиогр.: с. 413.
|
| 330 |
|
|
|a В учебном пособии приведены сведения о видах точности в машиностроении: точности размеров, форм, расположения, суммарных допусках формы расположения элементов детали, шероховатости поверхности. Рассмотрены точностные параметры посадок типовых соединений. Рекомендовано для студентов, обучающихся по техническим направлениям, а также конструкторов и технологов промышленных предприятий, занимающихся вопросами нормирования точности изделий машиностроения.
|
| 606 |
1 |
|
|a Точность в машиностроении
|2 stltpush
|3 (RuTPU)RU\TPU\subj\61144
|9 78352
|
| 610 |
1 |
|
|a понятия
|
| 610 |
1 |
|
|a терминология
|
| 610 |
1 |
|
|a допуски
|
| 610 |
1 |
|
|a посадки
|
| 610 |
1 |
|
|a расчеты
|
| 610 |
1 |
|
|a применение
|
| 610 |
1 |
|
|a подшипники качения
|
| 610 |
1 |
|
|a размерные цепи
|
| 610 |
1 |
|
|a звенья
|
| 610 |
1 |
|
|a нормирование
|
| 610 |
1 |
|
|a поверхности
|
| 610 |
1 |
|
|a детали
|
| 610 |
1 |
|
|a элементы
|
| 610 |
1 |
|
|a суммарные допуски
|
| 610 |
1 |
|
|a шероховатость
|
| 610 |
1 |
|
|a метрическая резьба
|
| 610 |
1 |
|
|a цилиндрические зубчатые колеса
|
| 610 |
1 |
|
|a цилиндрические зубчатые передачи
|
| 610 |
1 |
|
|a шпоночные соединения
|
| 610 |
1 |
|
|a шлицевые соединения
|
| 610 |
1 |
|
|a учебные пособия
|
| 675 |
|
|
|a 621-187(075.8)
|v 3
|
| 701 |
|
1 |
|a Емельянов
|b С. Г.
|g Сергей Геннадьевич
|
| 701 |
|
1 |
|a Кудряшов
|b Е. А.
|g Евгений Алексеевич
|
| 701 |
|
1 |
|a Яцун
|b Е. И.
|g Елена Ивановна
|
| 701 |
|
1 |
|a Павлов
|b Е. В.
|g Евгений Васильевич
|
| 701 |
|
1 |
|a Чевычелов
|b С. А.
|g Сергей Александрович
|
| 701 |
|
1 |
|a Сергеев
|b С. А.
|g Сергей Александрович
|
| 801 |
|
1 |
|a RU
|b 63413507
|c 20120320
|
| 801 |
|
2 |
|a RU
|b 63413507
|c 20150601
|g RCR
|
| 900 |
|
|
|a Нормирование точности
|
| 942 |
|
|
|c BK
|
| 959 |
|
|
|a 43/20120320
|d 5
|e 0,00
|f ЧЗТЛ:1
|f АНЛ:1
|f УФ:3
|